LDR 01029naa#a2200181#i#450# 001 RU\INFRA-M\bibl\123033 005 20260513164233.3 011 ## _a1998-1740 100 ## _a20260430b2026####ek#y0rusy0150####ca 102 ## _aRU 200 1# _aМодель использования адаптивных компьютерных технологий для обучения лиц с ограниченными возможностями здоровья в системе профессионального образования _eЖурнальная статья 210 1# _aМосква _cОбщество с ограниченной ответственностью «Научно-издательский центр ИНФРА-М» _d2026 215 ## _a4 с. 608 ## _aЖурнальная статья _2local 675 ## _aНародное образование. Воспитание. Обучение. Организация досуга. 37 _z 700 #1 _aКуреев _gИ. М. 700 #1 _aЗенкина _gС. В. 856 4# _anaukaru.ru _u